书目信息 |
| 题名: |
土壤化学
|
|
| 作者: | 李学垣 主编 | |
| 分册: | ||
| 出版信息: | 北京 高等教育出版社 2001 |
|
| 页数: | 406页 | |
| 开本: | 24cm | |
| 丛书名: | ||
| 单 册: | ||
| 中图分类: | S153 | |
| 科图分类: | ||
| 主题词: | 土壤化学 | |
| 电子资源: | ||
| ISBN: | 7-04-009629-3 | |
| 000 | 00552nam0 2200205 45 | |
| 001 | 0306111084 | |
| 005 | 20031219104111.0 | |
| 010 | @a7-04-009629-3@dCNY35.90 | |
| 100 | @a20030611d2001 km y0chiy0120 ea | |
| 101 | 0 | @achi |
| 105 | @a z 000yy | |
| 200 | 1 | @a土壤化学@ATu Rang Hua Xue@f李学垣主编@FLi Xue Yuan Zhu Bian |
| 210 | @a北京@c高等教育出版社@d2001 | |
| 215 | @a406页@d24cm | |
| 300 | @a研究生教学用书 | |
| 606 | 0 | @a土壤化学 |
| 690 | @aS153@v4 | |
| 701 | 0 | @a李学垣@4主编 |
| 801 | @aCN@bTSTC@c20030611 | |
| 905 | @b323888-892@dS153@e26@f5 | |
| 土壤化学/李学垣主编.-北京:高等教育出版社,2001 |
| 406页;24cm |
| 研究生教学用书 |
| ISBN 7-04-009629-3:CNY35.90 |
| ● |
| 相关链接 |
|
|
|
|
正题名:土壤化学
索取号:S153/26
 
预约/预借
| 序号 | 登录号 | 条形码 | 馆藏地/架位号 | 状态 | 备注 |
| 1 | 0323888 | 203238889 | 第三借阅区/ [索取号:S153/26] | 在馆 | |
| 2 | 0323889 | 203238898 | 第三借阅区/ [索取号:S153/26] | 在馆 | |
| 3 | 0323890 | 203238905 | 第三借阅区/ [索取号:S153/26] | 在馆 | |
| 4 | 0323891 | 203238914 | 第三借阅区/ [索取号:S153/26] | 在馆 | |
| 5 | 0323892 | 203238923 | 第二样本阅览室/ [索取号:S153/26] | 在馆 |